00540nam a22001697a 450000500170000001000150001702000260003203500140005803700090007208200060008110000170008724500760010426000590018027000800023930000210031970000300034020240926162926.0 aENG-141797 a9789357318815c399.00 aEN-125329 bDBAD aS aGautier, Ari aNocturne Pondicherry/cBy Ari Gautier [and] Translated By Roopam Singh  aGurugrambHachelle Book Publishing India Pvt Ltdc2024 a4th & 5th Floor, Corporate Centre, Plot No. 94, Sector 44bGurugrame122003 a135p.c20cm.(pb) aRoopam Singh eTranslated